| 000 | 00000nam##2200000za#4500 |
| 001 | 9.686038 |
| 003 | CaOODSP |
| 005 | 20210624230345 |
| 007 | cr ||||||||||| |
| 008 | 150407|2000||||xxc|||||o f|0| 0 eng|d |
| 020 | |a0-662-30170-6 |
| 040 | |aCaOODSP|beng |
| 043 | |an-cn--- |
| 086 | 1 |aE2-246/2000E-IN |
| 110 | 1 |aCanada.|bForeign Affairs and International Trade. |bCanadian Centre for Foreign Policy Development. |
| 245 | 10|aCanadian peacebuilding in the Middle East : |h[electronic resource]|bcase study of the Canada Fund in Israel/Palestine and Jordan / |c[by] Tami Amanda Jacoby. |
| 260 | |aOttawa - Ontario : |bForeign Affairs and International Trade. |c2000. |
| 300 | |a11p.|breferences |
| 504 | |aBibliography. |
| 590 | |a10-06-Supp|b2010-07-26 |
| 690 | 07|aCase studies|2gcpds |
| 690 | 07|aForeign policy|2gcpds |
| 690 | 07|aFunding|2gcpds |
| 720 | 1 |aJacoby, Tami Amanda |
| 776 | 0#|tCanadian peacebuilding in the Middle East : |w(CaOODSP)9.648105 |
| 856 | 40|ahttp://publications.gc.ca|qPDF|s341 KB|uhttps://publications.gc.ca/collections/Collection/E2-246-2000E.pdf |
| 986 | |a1006.13E |